000 03434nam0a22004811 4500
001 v19\rc\2098747
005 20260407112118.0
035 _a(NLR Aleph) 005280375
090 _a6092087
_c6092087
100 _a20090914d1811 |||y0rusy50 ca
101 0 _arus
102 _aRU
135 _acrgn 008anaba
140 _ay y mayaa0000
200 1 _aСлово на высокоторжественный день священнейшей коронации его императорскаго величества, благочестивейшаго великаго государя императора Александра I,
_fговоренное преосвященным Августином, епископом дмитровским, викарием московским и кавалером, в большом Успенском соборе 1810 года сентября 15 дня
210 _aВ Санктпетербурге
_cпри Святейшем правительствующем Синоде
_d1811
215 _a[2], 10 с.
_d4° (24 см)
300 _aЦенз.: Синод
300 _aИзд. на счет. авт.
300 _aТираж 300 экз.
316 _aЭкз. РНБ (18.111.2.285) в серой бумаж. обл. На 1-й с. обл. ярлык с шифром РНБ, техн. штамп и две бумаж. наклейки: с заглавием и с буквами "Авг." На 2-й с. обл. ярлык с шифром РНБ, наклеен. поверх другого ярлыка. На тит. л. круглый штамп ГПБ и круглый штамп ИБ в венке с короной. На с.10 круглый штамп ГПБ.
_5NLR: 18.111.2.285
316 _aЭкз. РНБ (18 в. 5/749) в белой бумаж. обл. На 4-й с. обл. рукоп. шифр.
_5NLR: 18 в. 5/749
321 1 _aСК 1801-1825 38
325 1 _aКопия доступна в электронной библиотеке РНБ
620 _aСанкт-Петербург
700 0 _7ca
_8rus
_aАвгустин
_cВиноградский, Алексей Васильевич
_cархиепископ Московский и Коломенский
_f1766-1819
_9110150
_3RU\NLR\AUTH\7729
702 0 _4280
_7ca
_8rus
_aАлександр
_cимператор российский
_dI
_f1777-1825
_9115306
_3RU\NLR\AUTH\775342
712 0 2 _4610
_aПетербургская синодальная типография
_9375089
_3RU\NLR\AUTH\889940130
801 0 _aRU
_bNLR
_c20090914
_gpsbo
801 1 _aRU
_bProSoft-M
_c20090914
_2rusmarc
801 2 _aRU
_bNLR
_c20100227
_2rusmarc
852 _aNLR
_j18.111.2.285
852 _aNLR
_bРЗФ
_j18 в. 5/749
901 _eКнижные издания
942 _cBOOK
980 _aNB
980 9 _akprsl
981 2 2 _a(22) Материалы по истории России
_b(22) Российский императорский дом
981 2 2 _a(22) Материалы по истории России
_b(22) Религиозные конфессии
981 2 2 _a(22) Материалы по истории России
_b(22) История России до 25 октября (7 ноября) 1917 года
981 2 0 _a(20) Книжные памятники РНБ